000
00220nam a2200097Ia 4500
008
190216s9999||||xx |||||||||||||| ||und||
100
_a
Null
245
0
_a
Hindi-Meri Piya Kahaniyam
260
_b
Sahithyasadan
942
_c
BK
999
_c
17920
_d
17920